000 02543nam a22002657a 4500
001 6784
003 FISKH
005 20250528102618.0
008 250528b cb ||||| |||| 00| 0 eng d
020 _a9780764195532
040 _aFISKH
_beng
_cFISKH
_dFISKH
050 _aG540.S75
082 _a910.45
100 _aSteele, Philip
245 _aA Mariner's tale /
_cWritten by Philip Steele
260 _aNew York :
_bBarron's Educational Series, Inc ,
_c2009.
300 _a29 pages :
_bcolor illustrations , maps ;
_c26 cm .
520 _aBeautiful two-page spreads introduce young readers to the history of the world's mariners and their most memorable sea voyages. Here are the ships, the men, the trade routes they established, and their voyages of discovery. A few of the book's illustrated entries include-- Phoenician sea traders (1300 B.C. to 140 B.C.) who plied the Mediterranean and ultimately extended their voyages to Britain in the west, and India in the east The Vikings of Scandinavia (1st Millennium A.D.), who colonized Greenland and Iceland, explored the North American coastline, and raided and traded along the European coast from France to Constantinople China's Ming Dynasty treasure trading ships (4th Century B.C. to circa 1190 A.D.), which were first to use the compass, a ship's rudder, and multiple masts with fore and aft rigging The 15th- and 16th-century European voyages of global exploration by Vasco da Gama, Christopher Columbus, Ferdinand Magellan, Francis Drake, and others The voyages of British Naval Captain James Cook (1760s and 1770s) and his exploration of the south seas, the East Indies, Australia, and Easter Island The handsomely illustrated spreads have miniature maps, lift-flaps, and attached miniature booklets presenting added facts about voyagers and exploration. A slide-out drawer built into the book's sturdy back cover contains a working model ship's compass, a pair of lenses to construct a small telescope, a cardboard model of Captain Cook's sailing ship Endeavor to assemble, and a miniature rope for practicing sailors' knots. The book's back-cover endpaper displays an antique map of the Western Hemisphere, and when the slide-out drawer is opened, a tab that pictures a sailing ship glides across the map's surface. Brilliant color illustrations on every page.
650 _aExplorers
_vNon-fiction
700 _aVeres, Lazlo
_eIllustrator
700 _aHarris, Nick
_eIllustrator
700 _aSanders , Martin
_eIllustrator
942 _2ddc
_cBK
_n0
999 _c6784
_d6784